Edith Stein: en busca de la verdad

Saved in:
Bibliografiske detaljer
Hovedforfatter: Ranff, Viki (Author)
Format: Bog
Sprog:spansk
Udgivet: Madrid Ediciones Palabra 2005
Udgivelse:1a. ed
Serier:Pensamiento, 29
Fag:
Tags: Tilføj Tag
Ingen Tags, Vær først til at tagge denne postø!

MARC

LEADER 00000cam a2200000 a 4500
001 UCD5472
003 CL-VaPUC
008 160908e20050000sp |||||||||||||||||spa|d
020 |a 8482399624 
082 0 4 |a 248.894  |b RAN  |2 21 
100 0 |a Ranff, Viki  |e author  |9 589231 
245 1 0 |a Edith Stein: en busca de la verdad 
250 |a 1a. ed 
300 |a 189 p 
942 |c BK 
945 |d 20160908 17:08:00  |a dcastane 
260 |a Madrid  |b Ediciones Palabra  |c 2005 
650 0 |a Espiritualidad   |9 267331 
650 0 |a Experiencia religiosa  |9 315549 
650 0 |a Vida cristiana  |9 258753 
583 |a last modification  |c 20160908 17:08:00  |k Rodrigo Vera 
490 0 |a Pensamiento, 29 
999 |c 366133  |d 366131 
952 |0 0  |1 0  |3 erb  |4 0  |6 248_894000000000000_RAN_2005  |7 0  |8 A  |9 480178  |a BIBTEO  |b BIBTEO  |i 5341000  |o 248.894 RAN 2005  |p 5341000  |r 2025-01-17  |w 2019-11-24  |y BK  |z Catalogado en:20160908  |k ICR